000 00508nam a2200181Ia 4500
003 GCL
008 140319s9999 xx 000 0 ara d
040 _aGCL /
_cGCL
082 0 4 _a813.03
_bف م
100 1 _aفوزية مهران
245 1 0 _aمنزل للطالبات /
_cفوزية مهران
300 _a143 ص
490 _aالكتاب الذهبى
_v0
650 0 4 _aالادب العربى
650 0 4 _aالقصص العربية
650 0 4 _aالرواية العربية
942 _2ddc
_cBK
999 _c50862
_d50862